| 000 | 00661cam a2200241 4500 | ||
|---|---|---|---|
| 008 | 090401t1990 xxu||||| |||| 00| 0 eng d | ||
| 020 | _a0861702514 | ||
| 035 | _a(Sirsi) u21573 | ||
| 041 | _aeng | ||
| 050 | _a338.181 | ||
| 110 |
_aNature Conservancy Council _91035 |
||
| 245 | 4 | _aThe Countryside Premium for set-aside land. | |
| 250 | _aRevised ed. | ||
| 260 |
_aCambridge _bCountryside Premium Unit _c1990 |
||
| 300 | _a4 items in folder ; 30cm | ||
| 350 | _a0 | ||
| 490 |
_aCountryside Commission Paper _v267 |
||
| 650 | _aSET ASIDE | ||
| 690 | _aRURAL PRACTICE | ||
| 710 |
_aCountryside Commission _92820 |
||
| 942 | _n0 | ||
| 948 | _c04/03/1997 | ||
| 999 |
_c88009 _d88009 |
||